000 00624nam a2200229Ia 4500
003 OSt
005 20220926012838.0
006 a|||||r|||| 00| 0
007 ta
008 220923b |||||||| |||| 00| 0 eng d
037 _cGeneral Book
040 _aRTL
_cRTL
_beng
041 _2eng
_aeng
082 _aY73(Q6).1.N, F4
100 _aOldham J H
_9117688
245 0 _aChristianity and the race problem
260 _aNew York
_bGeorge H Doran
_c1924
300 _axx, 280p
_ccm.
650 _aChristians
_9230776
942 _hY73(Q6).1.N, F4
_cGB
_2CC
999 _c624453
_d624453